| 000 | 00586nam a22001697a 4500 | ||
|---|---|---|---|
| 999 |
_c5141 _d5141 |
||
| 003 | AR-CdUCM | ||
| 008 | 190312b ||||| |||| 00| 0 eng d | ||
| 040 |
_aMUNICIPALIDAD PROVINCIAL DEL CUSCO _cBIBLIOTECA MUNICIPAL DEL CUSCO |
||
| 082 |
_a423 / _bW35 |
||
| 245 |
_awebster's new world dictionary of the american language : _bcollege edition / |
||
| 260 |
_aCleveland : _bThe world publishing company, _c1951. |
||
| 300 |
_aXXXVI ; 1724 páginas ; _b26 cm. |
||
| 650 |
_aDiccionario ingles _915624 |
||
| 710 |
_aThe world publishing company _915625 |
||
| 942 |
_2ddc _cLIBROS |
||
| 945 | _azta | ||